¡Controla! (Registro nro. 12043)
[ vista simple ]
| 000 -CABECERA | |
|---|---|
| Longitud fija campo de control | 00775nam a2200229 4500 |
| 003 - • IDENTIFICADOR DELl NÚMERO DE CONTROL | |
| Identificador del número de control | CO-ViMGA |
| 005 - • FECHA Y HORA DE LA ÚLTIMA TRANSACCIÓN | |
| Fecha y hora de la última transacción | 20230915225025.0 |
| 008 - • CÓDIGOS DE INFORMACIÓN DE LONGITUD FIJA | |
| Códigos de información de longitud fija | 040119s2003 sp | ||| ||spa |
| 020 ## - • NÚMERO INTERNACIONAL NORMALIZADO PARA LIBROS | |
| Número Internacional Normalizado para Libros (ISBN) | 8496249360 |
| 040 ## - FUENTE DE LA CATALOGACIÓN | |
| Centro catalogador de origen | CO-ViMGA |
| Lengua de catalogación | spa |
| Centro transcriptor | CO-ViMGA |
| 082 04 - • NÚMERO DE LA CLASIFICACIÓN DECIMAL DEWEY | |
| Número de clasificación (R) | 070 |
| Número del ítem | G66c |
| 100 2# - • PUNTO DE ACCESO PRINCIPAL-NOMBRE DE PERSONA | |
| Nombre de persona | González Ramréz, Jos Fráncisco |
| 245 11 - • TITULO PROPIAMENTE DICHO | |
| Título | ¡Controla! |
| Resto del título | la televisión, los videojuegos, internet y el teléfono |
| 300 ## - • DESCRIPCIÓN FÍSICA | |
| Extensión | 158 p. |
| Otras características físicas | il. |
| Dimensiones | 21 cm |
| 490 1# - • MENCIÓN DE SERIE | |
| Mención de serie | Autoayuda |
| 650 17 - • PUNTO DE ACCESO ADICIONAL DE MATERIA - TÉRMINO DE MATERIA | |
| Término de materia o nombre geográfico como elemento inicial | Tecnología de la información |
| Subdivisión de materia general | Aspectos psicolg̤ícos |
| Fuente del encabezamiento o término | embne |
| 650 17 - • PUNTO DE ACCESO ADICIONAL DE MATERIA - TÉRMINO DE MATERIA | |
| Término de materia o nombre geográfico como elemento inicial | Televisión̤ |
| Subdivisión de materia general | Aspectos psicolg̤ícos |
| Fuente del encabezamiento o término | embne |
| 650 17 - • PUNTO DE ACCESO ADICIONAL DE MATERIA - TÉRMINO DE MATERIA | |
| Término de materia o nombre geográfico como elemento inicial | Videojuegos |
| Subdivisión de materia general | Aspectos psicolg̤ícos |
| Fuente del encabezamiento o término | embne |
| 942 ## - ENTRADA DE ELEMENTOS AGREGADOS (KOHA) | |
| Fuente de clasificaión o esquema | Dewey Decimal Classification |
| Koha [por defecto] tipo de item | LIbro |
| Perdido | Fuente de clasificación o esquema | Estado Físico | No para préstamo | Forma de adquisición | Localización permanente | Localización actual | Fecha adquisición | Préstamos totales | Signatura completa | Código de barras | Fecha última consulta | Fecha último préstamo | Fecha del precio de reemplazo | Tipo de item de Koha |
|---|---|---|---|---|---|---|---|---|---|---|---|---|---|---|
| Dewey Decimal Classification | Sala General Segundo Piso | Biblioteca Pública Germán Arciniegas - Villavicencio | Biblioteca Pública Germán Arciniegas - Villavicencio | 12/03/2015 | 1 | 070 G66c | 29021 | 11/20/2019 | 11/20/2019 | 12/03/2015 | LIbro |